Testo del brano - TUTA GOLD, Mahmood - Statistics

Statistiche generali
  • Questo quiz è stato fatto 174 volte
  • Il punteggio medio è 212 su 324
Statistiche sulle risposte
Parole % Corretto
tu
99%
gold,
98%
gold.
98%
gold)
98%
tuta
98%
ne
97%
a
96%
A
96%
la
96%
nel
96%
nella
96%
Cinque
95%
(Cinque
95%
i
95%
baby,
93%
cellulari
93%
non
93%
Non
93%
chi
91%
mi
90%
Mi
90%
fra’
89%
richiamerò
88%
di
86%
quando
85%
Quando
85%
chiamavi
84%
Ma
82%
ma
82%
nord
82%
Ballavamo
81%
E
81%
è
81%
e
81%
zona
81%
Con
80%
fiori,
79%
fiori
79%
metà
76%
zucchero,
76%
fumavi
73%
Se
71%
se
71%
un
70%
ti
69%
pieni
66%
gilet
65%
una
63%
le
61%
Budapest
60%
il
59%
neri
59%
numero
58%
così
57%
in
57%
bitch
56%
sono
56%
Jeep
55%
al
54%
jeans
54%
Maglia
54%
oro
54%
paragonarmi
54%
partirò,
53%
bianca,
52%
noi
52%
blue
51%
denti,
51%
sui
51%
sulla
50%
bravo
49%
po’
49%
tuo
49%
del
48%
soli
47%
abbastanza
46%
era
46%
ricorderò
46%
cambio
44%
ho
43%
ricorderai
43%
rincorrere
43%
Dei
42%
moonlight
42%
lo
41%
passerà,
40%
giorni
37%
Paese”,
36%
fake
35%
Dicevi :
34%
prese
34%
quella
34%
che
33%
testa
33%
ad
32%
fuori
32%
hanno
32%
offese
32%
fottendomi
31%
medie
31%
pianto
30%
cambiare
29%
cambierò
29%
cognome
29%
come
29%
Come
29%
fatto
29%
papà
29%
bene
28%
cambierai
28%
Fumando
28%
night
28%
tenda,
28%
dalle
27%
fino
27%
mai
27%
rave
27%
tua
27%
lacrime
26%
personalità
26%
Sahara
26%
sembrare
26%
nome,
25%
nome
25%
può
25%
Soffrire
25%
tue
25%
all’alba,
24%
fottuta
24%
rancore
24%
“Ritornatene
24%
stare
24%
curi
23%
prigione,
23%
quartiere
23%
consolerà
22%
madre
22%
sai
22%
serve
22%
Dov’è
21%
fiducia ?
21%
porto
21%
l’amico
20%
senza
20%
Diventata
19%
Anche
18%
dire
18%
partirai,
18%
raccontavi
18%
arida,
17%
storie
17%
dimmi
16%
gente
16%
l’aria
15%
golf,
6%
chiamari
1%
richiderà
0%
Nessun quiz corrispondente trovato
Distribuzione punteggi
Percentuale di utenti per punteggio
Percentile per numero di risposta
I tuoi punteggi nel tempo
Non hai fatto questo quiz